书目信息 |
| 题名: |
新闻采访与写作
|
|
| 作者: | 王芳 编著 | |
| 分册: | ||
| 出版信息: | 北京 九州出版社 2018 |
|
| 页数: | 292页 | |
| 开本: | 26cm | |
| 丛书名: | ||
| 单 册: | ||
| 中图分类: | G212.1 , G212.2 | |
| 科图分类: | ||
| 主题词: | 新闻采访 , 新闻写作 | |
| 电子资源: | ||
| ISBN: | 978-7-5108-6729-3 | |
| 000 | 00815nam0 2200253 45 | |
| 001 | 012001002879 | |
| 005 | 20131031134055.0 | |
| 010 | @a978-7-5108-6729-3@dCNY66.00 | |
| 100 | @a20181129d2018 em y0chiy50 ea | |
| 101 | 0 | @achi |
| 102 | @aCN@b110000 | |
| 105 | @aa z 000yy | |
| 106 | @ar | |
| 200 | 1 | @a新闻采访与写作@Axin wen cai fang yu xie zuo@f王芳编著 |
| 210 | @a北京@c九州出版社@d2018 | |
| 215 | @a292页@c图@d26cm | |
| 330 | @a本书共13章,其中新闻采访包括采访的性质、地位、特征和任务、新闻线索、采访选题、采访前的策划与准备等,新闻写作包括消息、通讯、调查性报道、特写、专访的采写原理和操作规范。 | |
| 606 | 0 | @a新闻采访 |
| 606 | 0 | @a新闻写作 |
| 690 | @aG212.1@v5 | |
| 690 | @aG212.2@v5 | |
| 701 | 0 | @a王芳@Awang fang@4编著 |
| 801 | @b江苏凤凰@c20191020 | |
| 905 | @b1231034-9@dG212.1@e753@f6 | |
| 新闻采访与写作/王芳编著.-北京:九州出版社,2018 |
| 292页:图;26cm |
| ISBN 978-7-5108-6729-3:CNY66.00 |
| 本书共13章,其中新闻采访包括采访的性质、地位、特征和任务、新闻线索、采访选题、采访前的策划与准备等,新闻写作包括消息、通讯、调查性报道、特写、专访的采写原理和操作规范。 |
| ● |
| 相关链接 |
|
|
|
|
正题名:新闻采访与写作
索取号:G212.1/753
 
预约/预借
| 序号 | 登录号 | 条形码 | 馆藏地/架位号 | 状态 | 备注 |
| 1 | 1231034 | 212310346 | 第一样本阅览室/ [索取号:G212.1/753] | 在馆 | |
| 2 | 1231035 | 212310355 | 教育系资料室/ [索取号:G212.1/753] | 在馆 | |
| 3 | 1231036 | 212310364 | 教育系资料室/ [索取号:G212.1/753] | 在馆 | |
| 4 | 1231037 | 212310373 | 教育系资料室/ [索取号:G212.1/753] | 在馆 | |
| 5 | 1231038 | 212310382 | 第四借阅区/ [索取号:G212.1/753] | 在馆 | |
| 6 | 1231039 | 212310391 | 第四借阅区/ [索取号:G212.1/753] | 在馆 |